Commercial law in a liberalised economy : (Record no. 586)

MARC details
000 -LEADER
fixed length control field 01177cam a2200337 a 4500
001 - CONTROL NUMBER
control field 12972887
003 - CONTROL NUMBER IDENTIFIER
control field OSt
005 - DATE AND TIME OF LATEST TRANSACTION
control field 20110725102233.0
008 - FIXED-LENGTH DATA ELEMENTS--GENERAL INFORMATION
fixed length control field 020820s2002 ug b 000 0 eng
010 ## - LIBRARY OF CONGRESS CONTROL NUMBER
LC control number 2002345640
035 ## - SYSTEM CONTROL NUMBER
System control number (DLC) 2002345640
040 ## - CATALOGING SOURCE
Original cataloging agency DLC
Transcribing agency DLC
Modifying agency DLC
042 ## - AUTHENTICATION CODE
Authentication code lcode
043 ## - GEOGRAPHIC AREA CODE
Geographic area code f-ug---
050 00 - LIBRARY OF CONGRESS CALL NUMBER
Classification number KTW85
Item number .B35 2002
082 ## - DEWEY DECIMAL CLASSIFICATION NUMBER
Edition number 22
Classification number 346.07 BAK
100 1# - MAIN ENTRY--PERSONAL NAME
Personal name Bakibinga, David J.
9 (RLIN) 1693
245 10 - TITLE STATEMENT
Title Commercial law in a liberalised economy :
Remainder of title the case of Uganda /
Statement of responsibility, etc David J. Bakibinga. _
260 ## - PUBLICATION, DISTRIBUTION, ETC. (IMPRINT)
Place of publication, distribution, etc [Kampala] :
Name of publisher, distributor, etc Makerere University,
Date of publication, distribution, etc [2002]
300 ## - PHYSICAL DESCRIPTION
Extent 94 p. ;
Dimensions 21 cm.
490 1# - SERIES STATEMENT
Series statement Inaugural lecture series
500 ## - GENERAL NOTE
General note "June 2002."
504 ## - BIBLIOGRAPHY, ETC. NOTE
Bibliography, etc Includes bibliographical references (p. 90-94).
650 #0 - SUBJECT ADDED ENTRY--TOPICAL TERM
Topical term or geographic name as entry element Commercial law
Geographic subdivision Uganda.
9 (RLIN) 1694
651 #0 - SUBJECT ADDED ENTRY--GEOGRAPHIC NAME
Geographic name Uganda
General subdivision Economic policy.
9 (RLIN) 1695
830 #0 - SERIES ADDED ENTRY--UNIFORM TITLE
Uniform title Inaugural lecture series (Makerere University)
9 (RLIN) 1696
906 ## - LOCAL DATA ELEMENT F, LDF (RLIN)
a 7
b cbc
c origode
d 3
e ncip
f 20
g y-gencatlg
942 ## - ADDED ENTRY ELEMENTS (KOHA)
Source of classification or shelving scheme Dewey Decimal Classification
Koha item type Books
Holdings
Withdrawn status Lost status Source of classification or shelving scheme Damaged status Not for loan Home library Current library Shelving location Date acquired Total Checkouts Full call number Barcode Date last seen Price effective from Koha item type
    Dewey Decimal Classification     Law Development Centre Main Library Law Development Centre Main Library Text Books and Laws 04/26/2011   346.07 BAK 2011/2780 04/26/2011 04/26/2011 Books